Hggsp Histoire et Mémoire 1 - Statistiques

Statistiques générales
  • Ce quiz a été pris 1 083 fois
  • Le résultat moyen est 5 sur 21
Statistiques - réponses
Question Réponse % Correct
Laquelle de ces notions est la plus solide juridiquement parlant? (crime de guerre; crime de masse; crime contre l'humanité; génocide) crime contre l'humanité
63%
Où est son siège ? La Haye
56%
Quand apparait la cour pénale internationale? 2002
48%
Qui forge le terme génocides? Raphael Lemkin
44%
Quelle est la loi qui interdit le négationnisme? + date loi Gayssot 1990
43%
Quel président instaure une "politique de reconnaissance des oublies de l'histoire"? Jacques Chirac
42%
La France reconnait le génocide arménien en.... 2001
40%
Quand a eu lieu le procès de Nuremberg? 1945-1946
35%
Quel est le nom de la loi qui reconnait la traite des esclaves comme crime de guerre? +date loi Taubira 2001
35%
Quand apparait l'expression "devoir de mémoire" ? 1980
23%
reconnaissance des pieds noirs en France a partir de.... 2005
22%
les deux types de mémoires: individuelle et collective
21%
Quel est le premier génocide du XXème siècle? Herero et Nama
19%
Quand c'est-il déroulé ? 1904-1908
11%
Qui définit la mémoire? (Douze leçons sur l'histoire;1996) Antoine Prost
11%
Qui adopte l'imprescriptibilité des crimes de guerre et des crimes contre l'humanité, et quand? ONU 1968
7%
Quand apparait les tribunaux pénaux internationaux? 1993 1994
4%
Qui souligne le rôle irremplaçable des survivants (ici surtout ceux de la ww2)? Annette Wieviorka
3%
Comment s'appelle la déportation des arméniens vers le sud du pays? Les marches de la mort
3%
Qui écrit "il doit être tout a la fois un sauve mémoire et un trouble mémoire"(Historiens sous haute surveillance; 1994) Pierre Laborie
3%
Où est utilisé ce terme pour la première fois ? tribunal de Nuremberg
3%
Aucun quiz correspondant
Distribution des résultats
% des personnes avec chaque résultat
Percentile par nombre de réponses
Votre historique - résultats
Vous n’avez pas pris ce quiz